Vol. 33, № 3; Analytical Chemistry

Dades bibliogràfiques
Parent link:Analytical Chemistry/ American Chemical Society. Vol. 33, № 3.— , 1947-1973, 1976-1990, 1993-2002
Idioma:anglès
Publicat: 1961
Format: MixedMaterials Llibre
KOHA link:https://koha.lib.tpu.ru/cgi-bin/koha/opac-detail.pl?biblionumber=559981

MARC

LEADER 00000nam2a2200000 4500
001 559981
005 20251014131830.0
035 |a (RuTPU)RU\TPU\prd\254961 
035 |a RU\TPU\prd\254960 
090 |a 559981 
100 |a 20160405d1961 k||y0rusy50 ba 
101 0 |a eng 
102 |a US 
105 |a a z 000yy 
200 0 |a Vol. 33, № 3 
210 |d 1961 
215 |a 270 p. (p. 1A-160A, p. 321-480) 
461 1 |0 379637  |t Analytical Chemistry  |f American Chemical Society  |v Vol. 33, № 3  |d 1947-1973, 1976-1990, 1993-2002  |9 379637 
517 1 |a Аналитическая химия (аналитикл кемистри) 
801 0 |a RU  |b 63413507  |c 20010227  |g PSBO 
801 1 |a RU  |b 63413507  |c 20020228  |g PSBO 
801 2 |a RU  |b 63413507  |c 20190523  |g PSBO 
942 |c CR